000 01318nam a2200337Ia 4500
001 ebr10419121
003 CaPaEBR
006 m u
007 cr cn|||||||||
008 100618s2010 inua s 000 0 eng d
010 _z 2010023301
020 _z9780470882870 (pbk.)
040 _aCaPaEBR
_cCaPaEBR
035 _a(OCoLC)680628110
050 1 4 _aT353
_b.W183 2010eb
082 0 4 _a620.0042/028553
_222
100 1 _aWaguespack, Curtis,
_d1974-
245 1 0 _aMastering Autodesk Inventor 2011 and Autodesk Inventor LT 2011
_h[electronic resource] /
_cCurtis Waguespack, Thom Tremblay.
250 _a1st ed.
260 _aIndianapolis, Ind. :
_bSybex,
_c2010.
300 _axxii, 909 p. :
_bill.
500 _a"Autodesk official training guide".
533 _aElectronic reproduction.
_bPalo Alto, Calif. :
_cebrary,
_d2010.
_nAvailable via World Wide Web.
_nAccess may be limited to ebrary affiliated libraries.
630 0 0 _aAutodesk Inventor (Electronic resource)
650 0 _aEngineering graphics.
650 0 _aEngineering models
_xData processing.
655 7 _aElectronic books.
_2local
700 1 _aTremblay, Thom,
_d1967-
710 2 _aebrary, Inc.
856 4 0 _uhttp://site.ebrary.com/lib/rucke/Doc?id=10419121
_zAn electronic book accessible through the World Wide Web; click to view
999 _c82579
_d82579